El Poder de la comunidad: ajuntes estructural y movimiento indígena en los Andes Ecuatorianos /
Gespeichert in:
| 1. Verfasser: | |
|---|---|
| Körperschaften: | , |
| Weitere Verfasser: | |
| Format: | Text |
| Veröffentlicht: |
Buenos Aires:
CLACSO
|
| Schlagworte: | |
| Tags: |
Tag hinzufügen
Keine Tags, Fügen Sie den ersten Tag hinzu!
|
MARC
| LEADER | 00000 a a2200000 04500 | ||
|---|---|---|---|
| 001 | 30297 | ||
| 003 | |||
| 040 | |||
| 020 | |a 950-9231-95-2 | ||
| 090 | |a 194302 | ||
| 100 | |a Guerrero Cazar, Fernando | ||
| 110 | |a CLACSO | ||
| 245 | |a El Poder de la comunidad: ajuntes estructural y movimiento indígena en los Andes Ecuatorianos / |c CLACSO | ||
| 260 | |a Buenos Aires: |b CLACSO | ||
| 300 | |a 302 p | ||
| 650 | |a SECTOR AGROPECUARIO | ||
| 650 | |a POBLACION INDIGENA | ||
| 650 | |a POLITICA DE AJUSTE | ||
| 650 | |a LIBERALIZACION ECONOMICA | ||
| 650 | |a TENENCIA DE LA TIERRA | ||
| 650 | |a LEGISLACION AGRICOLA | ||
| 650 | |a MOVIMIENTOS SOCIALES | ||
| 650 | |a SECTOR AGROPECUARIO | ||
| 650 | |a CRECIMIENTO ECONOMICO | ||
| 650 | |a EXPORTACIONES | ||
| 700 | |a Ospina Peralta, Pablo | ||
| 710 | |a Agencia Sueca de Desarrollo Internacional |a Asdi | ||
| 999 | |c 15207 |d 15207 | ||
